| 000 | 00484nam a2200193 a 4500 | ||
|---|---|---|---|
| 001 | BRCA_2942 | ||
| 005 | 20190320204034.0 | ||
| 008 | 161208s1927----gw-a---###---#000-0#ger-u | ||
| 050 | 4 |
_aF1211.S3 _b.S36 1927 |
|
| 100 | 1 |
_aSchmidt, Geo A. _98184 |
|
| 245 | 1 | 0 |
_aMexiko _cvon Geo A. Schmidt. |
| 260 |
_aBerlin _bD. Reimer _c1927 |
||
| 300 |
_a138 p. _bil. _c25 cm. |
||
| 500 | _aB66 | ||
| 650 | 1 | 4 |
_aViajeros alemanes _97026 |
| 651 | 4 |
_aMéxico _98185 |
|
| 902 | _aGFM | ||
| 942 |
_2lcc _cB |
||
| 999 |
_c2681 _d2681 |
||